Singapore-visa - Statistics

Yleistilastot
  • Tätä visaa on pelattu 316 kertaa
  • Keskiarvotulos 9 / 20
Vastaustilastot
Vihje Vastaus % Oikein
Viralliset kielet Englanti
96%
Viralliset kielet Mandariinikiina
94%
Singaporen vuonna 1942 miehittänyt valtio Japani
85%
Valtio, joka perusti nykyisen kaupungin 1819 Yhdistynyt kuningaskunta
81%
Yleisin uskonto Buddhalaisuus
79%
Valuutta Singaporen dollari
77%
Singapore erotettiin vuonna 1965 _____sta Malesia
74%
"Makeinen" joka tunnetusti kiellettiin kokonaan 1992 Purukumi
63%
Käsite, jota käytettiin Singaporen, Taiwanin, Hongkongin ja Etelä-Korean talouksien kuvaamiseen Aasian {tiikerit}
47%
Sanan "Singapore" merkitys {Leijona}kaupunki
47%
Viralliset kielet Malaiji
46%
Meri Singaporensalmen itäisessä päässä Etelä-Kiinan meri
44%
Viralliset kielet Tamili
35%
Pääministeri vuosina 1959–1990, pidetään usein "hyväntahtoisena diktaattorina" Lee Kuan Yew
13%
Tuon valtion siirtokunta, jonka osana Singapore oli vuoteen 1946 asti {Salmi}siirtokunnat
12%
Singaporen kansallissymboli, kuuluisa patsas Merlion
11%
Kuuluisa kauppakatu, jossa oli aiemmin mauste- ja hedelmäviljelmiä {Orchard} Road
9%
Valtakunta, joka hallitsi Singaporea 600-luvulta noin 1200-luvulle asti Srivijaya
8%
Käsite avoimen ilman ruokapihalle {Hawker} Centre
7%
Singaporen pääsaaren paikallinen ja historiallinen nimi Pulau {Ujong}
7%
Ehtoja vastaavia visoja ei löytynyt
Tulosjakauma
Jokaisen tuloksen saaneiden osuus
Persentiili vastausten määrän mukaan
Tuloshistoriasi
Et ole pelannut tätä visaa